| 000 | 00847nam a2200265 i 4500 | ||
|---|---|---|---|
| 001 | 60159 | ||
| 003 | ES-MaACL | ||
| 005 | 20250827062610.0 | ||
| 007 | t| | ||
| 008 | 031103s1986 sp ||||1| spa d | ||
| 110 | 1 |
_aEspaña _93622 |
|
| 240 | 1 | 0 | _aLeyes, etc., del suelo |
| 245 | 1 | 0 | _aLegislación del suelo. |
| 250 |
_a7ª ed. act. _bpor la Redacción de Civitas ; con la colaboración de la Abogada Dina Di Marcantonio. |
||
| 260 |
_aMadrid : _bCivitas, _c[1986] |
||
| 300 |
_a671 p. ; _c16 cm. |
||
| 490 | 1 |
_aBiblioteca de legislación ; _v25 |
|
| 500 | _aIndice analítico. | ||
| 500 | _aTabla cronológica. | ||
| 700 | 1 |
_aMarcantonio Jiménez, Dina di. _9144697 |
|
| 740 | 0 | _aLeyes, etc., del suelo. | |
| 830 | 0 |
_aBiblioteca de legislación ; _v25 _9177899 |
|
| 852 |
_aES-MaACL _jL-11304 _bR.113092 |
||
| 999 |
_c60159 _d60159 |
||